000 01094nam a2200217 a 4500
999 _c6849
_d6849
005 20200602161526.0
008 140217b2009 ck ||||| |||| 00| 0 spa d
040 _aCO-BoIAVH
_cCO-BoIAVH
041 _aspa
044 _ack
090 _aIAVH
_b01316
100 _aRincón B., Sofía A.
_94959
245 _aDiseño de un esquema para la incorporación de consideraciones ambientales y de biodiversidad en el ciclo de toma de decisiones de planificación y desarrollo de megaproyectos sectoriales en Colombia
260 _aBogotá
_bIAVH
_c2009
300 _a68 p.
505 _a1. Caracterización de los impactos directos, indirectos, sinérgicos y acumulativos de megaproyectos para los principales sectores económicos e infraestructura de impactos y construcción de matrices. 2. Documento de aportes a la construcción del marco conceptual del convenio: megaproyectos y sus impactos 3. Descripción de la base de datos de megaproyectos
650 _aImpacto ambiental
_9103269
650 _aConservación
_9103270
650 _aCompensaciones ambientales
_9103271
942 _cLIBRO
_2z